Environment protection and international law (Record no. 411394)

000 -LEADER
fixed length control field 00416cam a22001457a 4500
008 - FIXED-LENGTH DATA ELEMENTS--GENERAL INFORMATION
fixed length control field 180718b1985 xxu||||| |||| 00| 0 eng d
082 ## - DEWEY DECIMAL CLASSIFICATION NUMBER
Classification number O91 B469
100 ## - MAIN ENTRY--PERSONAL NAME
Personal name Bhatt, S
245 ## - TITLE STATEMENT
Title Environment protection and international law
Statement of responsibility, etc. by S Bhatt
260 ## - PUBLICATION, DISTRIBUTION, ETC.
Place of publication, distribution, etc. New Delhi
Name of publisher, distributor, etc. Radiant
Date of publication, distribution, etc. 1985
300 ## - PHYSICAL DESCRIPTION
Extent xvi,122p
650 ## - SUBJECT ADDED ENTRY--TOPICAL TERM
Topical term or geographic name entry element Space law.
650 ## - SUBJECT ADDED ENTRY--TOPICAL TERM
Topical term or geographic name entry element Environmental law, International
650 ## - SUBJECT ADDED ENTRY--TOPICAL TERM
Topical term or geographic name entry element Environmental law --India
Holdings
Withdrawn status Lost status Damaged status Not for loan Permanent Location Current Location Date acquired Full call number Barcode Date last seen Price effective from Koha item type
        Indian Institute of Public Administration Indian Institute of Public Administration 2009-01-29 O91 B469 DA5660 2018-07-21 2018-07-21 DA

Powered by Koha